Biotechnology hand book / (Record no. 136350)

MARC details
000 -LEADER
fixed length control field 00740nam a22002177a 4500
005 - DATE AND TIME OF LATEST TRANSACTION
control field 20170124110258.0
010 ## - LIBRARY OF CONGRESS CONTROL NUMBER
LC control number B-093487
020 ## - INTERNATIONAL STANDARD BOOK NUMBER
Terms of availability 1100.00
035 ## - SYSTEM CONTROL NUMBER
System control number B-093487
037 ## - SOURCE OF ACQUISITION
Source of stock number/acquisition Cen Lib/Ret
040 ## - CATALOGING SOURCE
Original cataloging agency DPL
Language of cataloging EN
082 ## - DEWEY DECIMAL CLASSIFICATION NUMBER
Classification number 660.6
Item number BIO
110 ## - MAIN ENTRY--CORPORATE NAME
Corporate name or jurisdiction name as entry element India. National Institute of Industrial Research, Delhi
9 (RLIN) 142393
245 ## - TITLE STATEMENT
Title Biotechnology hand book /
Statement of responsibility, etc by India. National Institute of Industrial Research, New Delhi
260 ## - PUBLICATION, DISTRIBUTION, ETC. (IMPRINT)
Place of publication, distribution, etc Delhi
Name of publisher, distributor, etc National Institute of Industrial Research
270 ## - ADDRESS
Address 106-E, Kamla Nagar, P.E.No.2162
City Delhi
Postal code 110007
300 ## - PHYSICAL DESCRIPTION
Extent 682p.
Dimensions 20cm(pbk)
650 ## - SUBJECT ADDED ENTRY--TOPICAL TERM
Topical term or geographic name as entry element Organisms of biotechnology
9 (RLIN) 100024
650 ## - SUBJECT ADDED ENTRY--TOPICAL TERM
Topical term or geographic name as entry element Nitrogen fixation
9 (RLIN) 100025
942 ## - ADDED ENTRY ELEMENTS (KOHA)
Source of classification or shelving scheme Dewey Decimal Classification
Koha item type English Books
Classification part 660.6
Call number suffix BIO
Holdings
Withdrawn status Lost status Damaged status Not for loan Collection code Home library Current library Date acquired Source of acquisition Cost, normal purchase price Total Checkouts Full call number Barcode Date last seen Copy number Cost, replacement price Price effective from Koha item type
      Not For Loan Reference Central Library Central Library 28/03/2016 Cen Lib/Ref 1100.00   660.6 BIO B-093487 28/03/2016 1 1100.00 28/03/2016 English Books

© Delhi Public Library
Hit Counter
free hit counter